A HANDBOOK of medical laboratory technology

Сохранить в:
Библиографические подробности
Формат:
Язык:английский
Опубликовано: CBS Publishers 1999
Метки: Добавить метку
Нет меток, Требуется 1-ая метка записи!

MARC

LEADER 00000nam a22000007a 4500
008 230825b |||||||| |||| 00| 0 eng d
020 |a 8123906773 
245 |a A HANDBOOK of medical laboratory technology  |c /edited by V.H. Talib  |g vi,246p;ill 
250 |b 2nd  |c Talib, V.H. 
260 |b CBS Publishers  |c 1999  |h New Delhi  |i 699638  |i 699639  |l RS405.H19  |m Medical laboratory technology  |m Chemical tests and reagents 
500 |a It includes index 
942 |a lcc  |c BK  |e Johnson  |f 25/08/23 
952 |0 0  |1 0  |2 lcc  |4 0  |6 RS0405 H19  |7 0  |9 4444  |a HE  |b HOL  |c QZ  |d 2023-08-25  |l 0  |o RS405.H19  |p 2023-0366  |r 2023-08-25 00:00:00  |t 699638  |w 2023-08-25  |y BK 
952 |0 0  |1 0  |2 lcc  |4 0  |6 RS0405 H19  |7 0  |9 4445  |a HOL  |b HOL  |c QZ  |d 2023-08-25  |l 0  |o RS405.H19  |p 2023-0367  |r 2023-08-25 00:00:00  |t 700639  |w 2023-08-25  |y BK 
999 |c 2230  |d 2230